| 000 | 01145nam0a22002411 4500 | ||
|---|---|---|---|
| 001 | rc\276740 | ||
| 005 | 20250621013023.0 | ||
| 035 | _a(NLR Aleph) 005500742 | ||
| 090 |
_a5304321 _c5304321 |
||
| 100 | _a20030307d1990 |||y0rusy50 ca | ||
| 101 | 0 | _arus | |
| 102 | _aRU | ||
| 105 | _ay ||||||||| | ||
| 200 | 1 |
_aКонденсаторы фильтровые. Конденсаторы для цепей демпфирования. Конденсаторы для тиристорных преобразователей _eНК 04.0.05-90 _eНоменклатур. кат. _eВзамен НК 04.0.01-87, НКЭ 04.0.01-87 _fВНИИ информ. и техн.-экон. исслед. в электротехнике (Информэлектро) |
|
| 210 |
_aМ. _cИнформэлектро _d1990 |
||
| 215 |
_a1 л., слож. в 5 с. _d21 |
||
| 225 | 1 | _aСерия 04. "Силовые конденсаторы и конденсаторные установки" | |
| 225 | 1 | _aЭлектротехника СССР | |
| 801 | 0 |
_aRU _bNLR _gpsbo |
|
| 801 | 1 |
_aRU _bELAR _2rusmarc |
|
| 852 |
_aNLR _bПт _j20/1-НК04.0.05-90 |
||
| 942 | _cBOOK | ||
| 980 | _aNB | ||